Lecture Ready 1. 2 Audio CDs : (Record no. 14722)
[ view plain ]
| 000 -LEADER | |
|---|---|
| fixed length control field | 00768nam a22001937a 4500 |
| 008 - FIXED-LENGTH DATA ELEMENTS--GENERAL INFORMATION | |
| fixed length control field | 100927s2006 enk|||||s|||| 00| 0 eng d |
| 020 ## - INTERNATIONAL STANDARD BOOK NUMBER | |
| International Standard Book Number | 9780194309665 |
| 020 ## - INTERNATIONAL STANDARD BOOK NUMBER | |
| International Standard Book Number | 0194309665 |
| 082 ## - DEWEY DECIMAL CLASSIFICATION NUMBER | |
| Classification number | 371.30281 |
| Item number | LEC |
| 245 ## - TITLE STATEMENT | |
| Title | Lecture Ready 1. 2 Audio CDs : |
| Statement of responsibility, etc | Peg Sarosy, Kathy Sherak |
| Remainder of title | Strategies for Academic Listening, Note-taking, and Discussion / |
| 260 ## - PUBLICATION, DISTRIBUTION, ETC. (IMPRINT) | |
| Place of publication, distribution, etc | Oxford : |
| Name of publisher, distributor, etc | Oxford University Press, 2007 |
| Date of publication, distribution, etc | 2007 |
| 300 ## - PHYSICAL DESCRIPTION | |
| Extent | 2 Sound discs : |
| Other physical details | digital, stereo. ; |
| Dimensions | 4 3/4 in. + |
| Accompanying material | 1 text (viii, 120 p. : ill.), 1 answer key & transcripts (29 p.), 1 DVD |
| 650 ## - SUBJECT ADDED ENTRY--TOPICAL TERM | |
| 9 (RLIN) | 8352 |
| Topical term or geographic name as entry element | Lecture method in teaching |
| 650 ## - SUBJECT ADDED ENTRY--TOPICAL TERM | |
| 9 (RLIN) | 19900 |
| Topical term or geographic name as entry element | Lectures and lecturing |
| 650 ## - SUBJECT ADDED ENTRY--TOPICAL TERM | |
| 9 (RLIN) | 1009 |
| Topical term or geographic name as entry element | Note-taking. |
| 650 ## - SUBJECT ADDED ENTRY--TOPICAL TERM | |
| 9 (RLIN) | 14009 |
| Topical term or geographic name as entry element | Study skills. |
| 700 ## - ADDED ENTRY--PERSONAL NAME | |
| 9 (RLIN) | 14001 |
| Personal name | Sherak, Kathy. |
| 942 ## - ADDED ENTRY ELEMENTS (KOHA) | |
| Source of classification or shelving scheme | Dewey Decimal Classification |
| Item type | |
| Withdrawn status | Lost status | Source of classification or shelving scheme | Damaged status | Not for loan | Koha collection | Location (home branch) | Sublocation or collection (holding branch) | Shelving location | Date acquired | Source of acquisition | Koha issues (times borrowed) | Koha full call number | Piece designation (barcode) | Koha date last seen | Koha date last borrowed | Price effective from | Koha item type | Public note | Koha renewals | Koha out on loan |
|---|---|---|---|---|---|---|---|---|---|---|---|---|---|---|---|---|---|---|---|---|
| Dewey Decimal Classification | Baccah | Central Library | Central Library | First floor | 27/09/2010 | 4 | 371.30281 LEC | 000013500 | 24/08/2022 | 20/02/2013 | 27/09/2010 | CD | DVD - (NB) | 2 Audio CDs | |||||||
| Dewey Decimal Classification | Baccah | Central Library | Central Library | First floor | 27/09/2010 | 2 | 371.30281 LEC | 000022153 | 01/02/2012 | 01/02/2012 | 27/09/2010 | CD | DVD - (NB) | 2 Audio CDs | 2 | 14/12/2014 | |||||
| Dewey Decimal Classification | Baccah | Central Library | Central Library | First floor | 27/09/2010 | 1 | 371.30281 LEC | 000022142 | 24/08/2022 | 28/09/2010 | 27/09/2010 | CD | DVD - (NB) | 2 Audio CDs |